Mistrzostwa Polski w piłce nożnej mężczyzn - Statystyki

Ogólne statystyki
  • Ten quiz został rozwiązany 95 razy
  • Średni wynik to 14 z 18
Statystyki odpowiedzi
Hint Odpowiadać % Poprawnych
8 Lech Poznań
100%
15 Legia Warszawa
100%
13 Wisła Kraków
95%
14 Ruch Chorzów
94%
14 Górnik Zabrze
92%
4 Widzew Łódz
88%
5 Cracovia
85%
2 Śląsk Wrocław
83%
2 ŁKS Łódż
82%
4 Pogoń Lwów
81%
1 Piast Gliwice
76%
2 Polonia Warszawa
76%
2 Zagłębie Lubin
75%
2 Polonia Bytom
65%
2 Stal Mielec
63%
2 Warta Poznań
58%
1 Szombierki Bytom
48%
1 Grabarnia Kraków
1%
Nie znaleziono quizów pasujących do podanych kryteriów
Rozkład punktacji
Procent ludzi z każdym wynikiem
Percentyl według liczby udzielonych odpowiedzi
Twoja historia wyników
Nie rozwiązałeś tego quizu